New economy-new competation : the rise of the consumer?

Bibliographic Details
Main Authors: Asch, David (Author), Wolfe, Brian (Author)
Format: Book
Language:English
Published: New York : Palgrave 2001
Subjects:

MARC

LEADER 00000cam a2200000 7i4500
001 0000009741
005 20230208.0
008 011030 nyu eng
020 |a 0333778235 
040 |a INS   |b eng   |c INS   |e rda 
090 0 0 |a HF5415.33.U6   |b A83 2001 
100 1 |a Asch, David ,   |e author 
245 1 0 |a New economy-new competation :   |b the rise of the consumer?   |c David Asch and Brian Wolfe 
264 1 |a New York :   |b Palgrave   |c 2001 
264 4 |c ©2001 
300 |a xii, 158 pages :   |b illustrations ;   |c 24 cm. 
336 |a text  |2 rdacontent 
337 |a unmediated  |2 rdamedia 
338 |a volume  |2 rdacarrier 
504 |a Includes bibliographical references and index 
650 0 |a Consumers   |z Europe   |x Attitude 
650 0 |a Consumers   |z United States   |x Attitudes 
650 0 |a New age consumers 
700 1 |a Wolfe, Brian ,   |e author 
999 |a 0000008328   |b BOOK   |c Open Shelf   |e Default branch